Every Class 2 New Jersey Senator - Statistics

General Stats
  • This quiz has been taken 18 times
  • The average score is 12 of 35
Answer Stats
Picture Hint Answer % Correct
D(2013-) Cory Booker
100%
D(2003-2013) Frank R. Lautenberg
80%
D(1979-1997) Bill Bradley
60%
F(1793-1796) Frederick Frelinghuysen
60%
R(1871-1877) Frederick T. Frelinghuysen
60%
R(2013-2013) Jeffrey S. Chiesa
60%
AJ(1829-1835) Theodore Frelinghuysen
60%
R(1919-1929) Walter E. Edge
60%
D(1913-1918) William Hughes
60%
PA(1789-1790) William Paterson
60%
R(1955-1979) Clifford P. Case
40%
W(1841-1853) Jacob W. Miller
40%
D(1997-2003) Robert G. Torricelli
40%
R(1805-1809) Aaron Kitchell
20%
R(1943-1949) Albert W. Hawkes
20%
R(1866-1871) Alexander G. Cattell
20%
R(1918-1919) David Baird
20%
R(1929-1930) David Baird Jr.
20%
R(1930-1931) Dwight W. Morrow
20%
R(1907-1913) Frank O. Briggs
20%
D(1835-1841) Garret D. Wall
20%
R(1809-1817) John Condit
20%
R(1859-1865) John C. Ten Eyck
20%
R(1902-1907) John F. Dryden
20%
D(1865-1866) John P. Stockton
20%
D(1877-1895) John R. McPherson
20%
F(1799-1805) Jonathan Dayton
20%
J(1817-1829) Mahlon Dickerson
20%
PA(1790-1793) Philemon Dickinson
20%
R(1796-1799) Richard Stockton
20%
R(1949-1955) Robert C. Hendrickson
20%
D(1937-1943) William H. Smathers
20%
R(1895-1902) William J. Sewell
20%
D(1853-1859) William Wright
20%
R(1931-1937) W. Warren Barbour
20%
No matching quizzes found
Score Distribution
Percent of People with Each Score
Percentile by Number Answered
Your Score History
You have not taken this quiz